00374nam a2200121Ia 4500003000400000005001700004008004100021040001800062041000800080100004500088245008600133260003300219OSt20260129163806.0211028s2018 xx 000 0 und d cAIMIT LIBRARY aeng aFernandes, Pratima; Vasantha G.g1616144 aStudy on employees satisfaction with reference to ST Ignatius hospital Honnavar / aMangalorebVasantha G.c2018